Journal article Open Access

Work Meaning and the Flexibility Puzzle

De Schouwer, Thimo; Kesternich, Iris


MARC21 XML Export

<?xml version='1.0' encoding='UTF-8'?>
<record xmlns="http://www.loc.gov/MARC21/slim">
  <leader>00000nam##2200000uu#4500</leader>
  <datafield tag="542" ind1=" " ind2=" ">
    <subfield code="l">open</subfield>
  </datafield>
  <datafield tag="700" ind1=" " ind2=" ">
    <subfield code="a">Kesternich, Iris</subfield>
    <subfield code="u">University of Hamburg</subfield>
    <subfield code="0">(orcid)0000-0001-9265-6573</subfield>
  </datafield>
  <datafield tag="540" ind1=" " ind2=" ">
    <subfield code="u">https://creativecommons.org/licenses/by/4.0/legalcode</subfield>
    <subfield code="a">Creative Commons Attribution 4.0 International</subfield>
  </datafield>
  <datafield tag="980" ind1=" " ind2=" ">
    <subfield code="a">publication</subfield>
    <subfield code="b">article</subfield>
  </datafield>
  <datafield tag="520" ind1=" " ind2=" ">
    <subfield code="a">&lt;p&gt;We study heterogeneity in the prevalence of and preferences for workplace flexibility and work meaning. We show that, internationally, women and parents value flexibility more but do not work more flexible jobs. The gender dimension of this flexibility puzzle is related to differences in meaningful work, which women value higher and sort into, at a significant price corresponding to 20 to 70% less flexibility. The parental dimension is connected to preferences for meaning and flexibility diverging after childbirth. We show through counterfactuals that making meaningful jobs more flexible reduces the gender gap in total compensation by almost a quarter.&lt;/p&gt;</subfield>
  </datafield>
  <controlfield tag="005">20251209105247.0</controlfield>
  <datafield tag="024" ind1=" " ind2=" ">
    <subfield code="a">10.1086/739081</subfield>
    <subfield code="2">doi</subfield>
  </datafield>
  <datafield tag="909" ind1="C" ind2="4">
    <subfield code="p">Journal of Labor Economics</subfield>
  </datafield>
  <datafield tag="500" ind1=" " ind2=" ">
    <subfield code="a">Iris Kesternich gratefully acknowledges financial support by the Fonds Wetenschappelijk Onderzoek (FWO) through project grant G067718N, EOS project grant 30544469, jointly funded by the FWO and Fonds National de la Recherche Scientifique (FNRS). Thimo De Schouwer acknowledges support from the FWO through PhD Fellowship 11I7822N. This project is also Funded by the European Union (ERC, 101086717 - MORETHANMONEY). Views and opinions expressed are however those of the author(s) only and do not necessarily reflect those of the European Union or the European Research Council Executive Agency. Neither the European Union nor the granting authority can be held responsible for them.</subfield>
  </datafield>
  <datafield tag="260" ind1=" " ind2=" ">
    <subfield code="c">2025-11-01</subfield>
  </datafield>
  <controlfield tag="001">18154</controlfield>
  <datafield tag="650" ind1="1" ind2="7">
    <subfield code="a">cc-by</subfield>
    <subfield code="2">opendefinition.org</subfield>
  </datafield>
  <datafield tag="909" ind1="C" ind2="O">
    <subfield code="o">oai:fdr.uni-hamburg.de:18154</subfield>
    <subfield code="p">user-uhh</subfield>
  </datafield>
  <datafield tag="245" ind1=" " ind2=" ">
    <subfield code="a">Work Meaning and the Flexibility Puzzle</subfield>
  </datafield>
  <datafield tag="856" ind1="4" ind2=" ">
    <subfield code="s">471723</subfield>
    <subfield code="u">https://www.fdr.uni-hamburg.de/record/18154/files/Work Meaning and the Flexibility Puzzle_2025_Journal of Labor Economics.pdf</subfield>
    <subfield code="z">md5:9a49463002ce3049b0226465032d01f0</subfield>
  </datafield>
  <datafield tag="041" ind1=" " ind2=" ">
    <subfield code="a">eng</subfield>
  </datafield>
  <datafield tag="653" ind1=" " ind2=" ">
    <subfield code="a">work meaning</subfield>
  </datafield>
  <datafield tag="653" ind1=" " ind2=" ">
    <subfield code="a">workplace flexibility</subfield>
  </datafield>
  <datafield tag="653" ind1=" " ind2=" ">
    <subfield code="a">gender</subfield>
  </datafield>
  <datafield tag="653" ind1=" " ind2=" ">
    <subfield code="a">inequality</subfield>
  </datafield>
  <datafield tag="653" ind1=" " ind2=" ">
    <subfield code="a">choice experiment</subfield>
  </datafield>
  <datafield tag="100" ind1=" " ind2=" ">
    <subfield code="a">De Schouwer, Thimo</subfield>
    <subfield code="u">KU Leuven</subfield>
  </datafield>
  <datafield tag="980" ind1=" " ind2=" ">
    <subfield code="a">user-uhh</subfield>
  </datafield>
</record>

Cite record as